Top 10 Gayest U.S. States - Statistics

General Stats
  • This quiz has been taken 213 times
  • The average score is 8 of 10
Answer Stats
Percentage Answer % Correct
4.8% California
98%
4.5% New York
95%
4.6% Washington
85%
4.9% Oregon
82%
5.7% Maryland
70%
4.9% Massachusetts
70%
4.8% Nevada
70%
5.3% Vermont
68%
4.6% New Hampshire
67%
4.7% Delaware
60%
No matching quizzes found
Score Distribution
Percent of People with Each Score
Percentile by Number Answered
Your Score History
You have not taken this quiz